000
00331nam a2200145Ia 4500
008
230711s9999||||xx |||||||||||||| ||und||
041
_a
ENG
082
_a
624
_b
MI-C
100
_a
Mittal,R
245
0
_a
Civil objectives
250
_a
1st
260
_c
1994
_a
Jabalpur
_b
GK Publications
650
_a
Civil Engineering
942
_c
BK
999
_c
2672
_d
2672